La penosa manía de escribir : (Record no. 1191)

MARC details
000 -LEADER
campo de control de longitud fija 01400nam a22002177a 4500
008 - DATOS DE LONGITUD FIJA--INFORMACIÓN GENERAL
campo de control de longitud fija 170610s2009 ag||||| |||| 00| 0 spa d
020 ## - NÚMERO INTERNACIONAL ESTÁNDAR DEL LIBRO
Número Internacional Estándar del Libro 9789871398041
082 04 - NÚMERO DE LA CLASIFICACIÓN DECIMAL DEWEY
Número de clasificación 864
Número de ítem G633p
100 1# - ENTRADA PRINCIPAL--NOMBRE DE PERSONA
Nombre de persona Gómez de la Serna, Ramón.
9 (RLIN) 5806
245 13 - MENCIÓN DEL TÍTULO
Título La penosa manía de escribir :
Resto del título Ramón Gómez de la Serna en la revitsa Saber Vivir, 1940-1956 /
Mención de responsabilidad, etc. Ramón Gómez de la Serna ; recopilado por Martín Greco ; colaboración de Jerónimo Ledesma.
250 ## - MENCION DE EDICION
Mención de edición 1a ed.
260 ## - PUBLICACIÓN, DISTRIBUCIÓN, ETC.
Lugar de publicación, distribución, etc. Buenos Aires, Argentina :
Nombre del editor, distribuidor, etc. Fundación Espigas,
Fecha de publicación, distribución, etc. 2009.
300 ## - DESCRIPCIÓN FÍSICA
Extensión 364 páginas :
Otras características físicas ilustraciones en color.
505 0# - NOTA DE CONTENIDO CON FORMATO
Título Presentaciones
Mención de responsabilidad Mauro Herlitza y Patrica M. Artundo.
Título El fondo Saber Vivir en el archivo Carmen Valdés
Mención de responsabilidad Martín Greco.
Título Un ser de otro mundo: Ramón Gómez de la Serna en la Argentina
Mención de responsabilidad Jerónimo Ledesma.
Título Ramón en Saber Vivir, antología de textos: Ramonismo y cuentos inéditos, Apuntes sobre el circo, Ensayos sobre arte y cultura, Retratos de pintores y escritores, Textos sobre España y América y Escritos autobiográficos y religiosos.
-- Ramón y Carmen Valdés.
-- Cronología.
-- Artículos publicados en Saber Vivir.
-- Libros, revistas, artículos y fotos.
653 10 - TÉRMINO DE INDIZACIÓN--NO CONTROLADO
Término no controlado Literatura
653 10 - TÉRMINO DE INDIZACIÓN--NO CONTROLADO
Término no controlado Ensayos periodísticos
653 10 - TÉRMINO DE INDIZACIÓN--NO CONTROLADO
Término no controlado Artes pláticas - España
653 10 - TÉRMINO DE INDIZACIÓN--NO CONTROLADO
Término no controlado Ensayos - Arte
700 1# - ENTRADA AGREGADA--NOMBRE PERSONAL
Nombre de persona Greco, Martín.
Término indicativo de función/relación recopilador.
9 (RLIN) 5807
700 1# - ENTRADA AGREGADA--NOMBRE PERSONAL
Nombre de persona Ledesma,Jerónimo.
Término indicativo de función/relación colaborador.
9 (RLIN) 5808
Holdings
Estatus retirado Estado de pérdida Fuente del sistema de clasificación o colocación Estado de daño No para préstamo Biblioteca de origen Biblioteca actual Ubicación en estantería Fecha de adquisición Total de préstamos Signatura topográfica completa Código de barras Visto por última vez Precio de reemplazo Tipo de ítem Koha
    Clasificación Decimal Dewey     Biblioteca LadoV Biblioteca LadoV   10/06/2017   864 G633p 004388 10/06/2017 10/06/2017 Material 01